| 000 | 00482nam a2200169Ia 4500 | ||
|---|---|---|---|
| 999 |
_c27395 _d27395 |
||
| 003 | OSt | ||
| 005 | 20211030115422.0 | ||
| 008 | 190216s9999||||xx |||||||||||||| ||und|| | ||
| 040 | _coclc | ||
| 082 |
_a920 _bNAI/I |
||
| 100 |
_aNair, Cheppad Bhaskaran _97425 |
||
| 245 | 0 |
_aIndira Priyadarshini / _cCheppad Bhaskaran Nair |
|
| 260 |
_bPoorna Publications, _aKozhikode: |
||
| 300 | _a52p | ||
| 650 | _aSahithyam | ||
| 942 |
_cBK _2ddc _h920 _iNAI/I _k920 _mNAI/I |
||